Geography Quiz

Random Geography or World Quiz

8-Letter Countries Per Letter Quiz Stats

 Plays Quiz Updated Jan 1, 2019

Challenge
Share
Tweet
Embed
Score 0/11 Timer 02:00
0 Plays Today
Letter Country/Countries % Correct
ZZimbabwe
87.4%
CCambodia, Cameroon, Colombia
82.7%
PPakistan, Paraguay, Portugal
80.9%
EEthiopia, eSwatini
74.5%
TTanzania, Thailand
74.1%
BBarbados, Botswana, Bulgaria
73.7%
DDjibouti, Dominica
71.1%
HHonduras
70.3%
MMalaysia, Maldives, Mongolia
64.6%
SSlovakia, Slovenia, Sri Lanka, Suriname
62%
KKiribati
53%

You're not logged in!

Compare scores with friends on all Sporcle quizzes.
OR
Log In

You Might Also Like...

Show Comments

Extras

Top Quizzes Today


Score Distribution

Your Account Isn't Verified!

In order to create a playlist on Sporcle, you need to verify the email address you used during registration. Go to your Sporcle Settings to finish the process.

Report this User

Report this user for behavior that violates our Community Guidelines.

Details: